[Event "6tth ch-EUR IBCA 2015"]
[Site "Lyon FRA"]
[Date "2015.07.31"]
[Round "7.8"]
[White "Fernandez Manrique, Agustin"]
[Black "Rositsan, Boris"]
[Result "0-1"]
[BlackTitle "FM"]
[WhiteElo "2183"]
[BlackElo "2051"]
[WhiteFideId "2231000"]
[BlackFideId "12802158"]
[EventDate "2015.07.25"]

1. c4 Nf6 2. Nc3 g6 3. e4 d6 4. d4 Bg7 5. Be2 Nbd7 6. Nf3 e5 7. O-O c6 8. Re1
O-O 9. Rb1 a5 10. b3 Qb6 11. Bf1 exd4 12. Nxd4 Ng4 13. Nce2 Nc5 14. h3 Ne5 15.
Nc3 Ncd3 16. Na4 Qxd4 17. Re3 b5 18. cxb5 cxb5 19. Nb2 Nxc1 20. Qxd4 Nf3+ 21.
gxf3 Bxd4 22. Re1 Nxa2 23. Bxb5 Nc3 0-1

[Event "6tth ch-EUR IBCA 2015"]
[Site "Lyon FRA"]
[Date "2015.07.31"]
[Round "7.9"]
[White "Hervais, Adrien"]
[Black "Nizam, Rasim"]
[Result "1-0"]
[BlackTitle "IM"]
[WhiteElo "2029"]
[BlackElo "2180"]
[WhiteFideId "612294"]
[BlackFideId "2906708"]
[EventDate "2015.07.25"]

1. e4 e6 2. d4 d5 3. Nd2 Nf6 4. e5 Nfd7 5. Bd3 c5 6. c3 Nc6 7. Ne2 cxd4 8. cxd4
f6 9. exf6 Nxf6 10. Nf3 Bd6 11. Bf4 Bxf4 12. Nxf4 Qa5+ 13. Qd2 Qxd2+ 14. Kxd2
O-O 15. Rhe1 Ne4+ 16. Bxe4 Rxf4 17. Bd3 Nxd4 18. Ke3 Nxf3 19. Kxf4 Nxe1 20. Rxe1
Bd7 21. Ke5 Bc6 22. Rc1 Kf7 23. b4 Rd8 24. b5 Be8 25. Rc7+ Rd7 26. Rxd7+ Bxd7
27. Kd6 Be8 28. Kc7 a6 29. a4 axb5 30. axb5 Ke7 31. Kxb7 Bg6 32. b6 Bxd3 33. Ka7
Be4 34. b7 Bxg2 35. b8=Q Be4 36. Kb6 Kf6 37. Qf4+ Bf5 38. h4 g6 39. Qh6 Ke5 40.
Kc5 1-0

[Event "6tth ch-EUR IBCA 2015"]
[Site "Lyon FRA"]
[Date "2015.07.31"]
[Round "7.10"]
[White "Pakhomov, Alexey"]
[Black "Bindzus, Ernst"]
[Result "1-0"]
[WhiteTitle "IM"]
[WhiteElo "2346"]
[BlackElo "1890"]
[WhiteFideId "4129016"]
[BlackFideId "1411950"]
[EventDate "2015.07.25"]

1. d4 f5 2. Bg5 h6 3. Bh4 g5 4. e3 Nf6 5. Be2 Bg7 6. Bh5+ Nxh5 7. Qxh5+ Kf8 8.
Bg3 d6 9. f4 Qe8 10. Qe2 e5 11. fxe5 dxe5 12. Bxe5 Bxe5 13. dxe5 Qxe5 14. Nc3 g4
15. O-O-O Kg7 16. h3 Be6 17. e4 Nc6 18. exf5 Qxf5 19. hxg4 Qg5+ 20. Kb1 Rae8 21.
Qf2 Bxg4 22. Nf3 Rhf8 23. Rd5 Qg6 24. Qd2 Rd8 25. Rxd8 Rxd8 26. Qf4 Bd7 27. Qxc7 1-0

[Event "6tth ch-EUR IBCA 2015"]
[Site "Lyon FRA"]
[Date "2015.07.31"]
[Round "7.11"]
[White "Dalschaert, Didier"]
[Black "Zsiltzova-Lisenko, Lubov"]
[Result "0-1"]
[BlackTitle "WIM"]
[WhiteElo "1836"]
[BlackElo "2224"]
[WhiteFideId "214019"]
[BlackFideId "14101360"]
[EventDate "2015.07.25"]

1. e4 c5 2. Nf3 d6 3. d4 cxd4 4. Nxd4 Nf6 5. Nc3 a6 6. Be2 e5 7. Nb3 Be7 8. O-O
O-O 9. Be3 Be6 10. Qd2 Nbd7 11. f4 exf4 12. Bxf4 Ne5 13. Bxe5 dxe5 14. Qxd8
Rfxd8 15. Rad1 Bb4 16. Bf3 Bxc3 17. bxc3 Bc4 18. Rfe1 b6 19. a4 a5 20. Nd4 exd4
21. e5 Nd5 22. Rxd4 Rac8 23. Red1 Kf8 24. Bxd5 Bxd5 25. Rxd5 Rxd5 26. Rxd5 Rxc3
27. Rd6 Rxc2 28. Rxb6 Rc5 29. e6 fxe6 30. Rxe6 Rc4 31. Ra6 Rxa4 32. Ra8+ Kf7 33.
Ra7+ Kg6 34. Ra6+ Kh5 35. Ra7 Kh6 36. Ra6+ g6 37. h3 Kg5 38. Kh2 Ra3 39. Ra7 h5
40. Rg7 Ra2 41. h4+ Kf6 42. Rb7 Ra4 43. Kh3 Rg4 44. Rb6+ Ke7 45. Ra6 a4 46. Ra7+
Kd6 47. Ra5 Kc6 48. g3 Kb6 49. Ra8 Kb5 50. Rb8+ Kc4 51. Rb6 a3 52. Ra6 Kb3 0-1

[Event "6tth ch-EUR IBCA 2015"]
[Site "Lyon FRA"]
[Date "2015.07.31"]
[Round "7.12"]
[White "Cajzler, Hinko"]
[Black "Mlacnik, Franc"]
[Result "0-1"]
[WhiteElo "2135"]
[BlackElo "2048"]
[WhiteFideId "14501376"]
[BlackFideId "14601923"]
[EventDate "2015.07.25"]

1. Nf3 Nf6 2. g3 e6 3. c4 d5 4. Bg2 Be7 5. b3 O-O 6. Bb2 b6 7. O-O Bb7 8. d3 c5
9. Nbd2 Nc6 10. cxd5 exd5 11. d4 Ne4 12. dxc5 Bxc5 13. Nxe4 dxe4 14. Ne5 Nxe5
15. Bxe5 Qe7 16. Bc3 e3 17. f4 Rad8 18. Qe1 Rd2 19. Bxb7 Qxb7 20. b4 Bd4 21.
Bxd4 Rxd4 22. Qc3 Qe4 23. Rf3 Re8 24. Rc1 h6 25. a3 Rd2 26. Kf1 g5 27. fxg5 hxg5
28. Qf6 Qd5 29. Kg1 Rxe2 30. Rcf1 Rd2 31. Qf5 e2 32. Re1 Re5 33. Qc8+ Kg7 34.
Qc3 Rd1 35. Kf2 Rxe1 36. Qxe1 f5 37. h4 Qd4+ 38. Kg2 Kh6 39. hxg5+ Kxg5 40. Qc1+
Kg6 41. Qe1 Qd5 42. Kf2 Qd4+ 43. Kg2 Re3 44. Rf4 Qd3 45. Kf2 Rxg3 46. Qc1 Qe3+ 0-1

[Event "6tth ch-EUR IBCA 2015"]
[Site "Lyon FRA"]
[Date "2015.07.31"]
[Round "7.13"]
[White "Draghici Flutur, Gavril"]
[Black "Martinez Colomar, Alejandro"]
[Result "1-0"]
[WhiteElo "2125"]
[BlackElo "1853"]
[WhiteFideId "1206508"]
[BlackFideId "32031491"]
[EventDate "2015.07.25"]

1. e4 c5 2. Nf3 d6 3. d4 cxd4 4. Nxd4 Nf6 5. Nc3 g6 6. Bc4 Bg7 7. O-O O-O 8. Re1
a6 9. a4 e5 10. Nf3 Qc7 11. Bb3 Nc6 12. h3 Na5 13. Bd5 Be6 14. Re3 h6 15. Rd3
Rfd8 16. Nd2 Rac8 17. Nf1 Rd7 18. Ne3 Qd8 19. b3 Nh5 20. Bb2 Nf4 21. Rd2 Bf8 22.
Ne2 Qg5 23. Nxf4 exf4 24. Ng4 Bxg4 25. hxg4 Nc6 26. Bxc6 Rxc6 27. Rd5 Qe7 28.
Qd4 f6 29. c4 Kf7 30. Rd1 Qe6 31. f3 Be7 32. Kf2 Rd8 33. Rh1 Rh8 34. g5 h5 35.
Qd2 Rb6 36. Rd3 d5 37. cxd5 Bc5+ 38. Ke2 Qd6 39. Bxf6 Re8 40. Rd1 Be3 41. Qc3
Rb4 42. Bh8 Ke7 43. e5 Qb6 44. Bf6+ Kf8 45. e6 Bg1 46. Rxg1 Qxg1 47. Qxb4+ Kg8
48. Qe1 Qxg2+ 49. Qf2 Qh1 50. Rd1 Qh3 51. Rc1 b5 52. Rc7 1-0

[Event "6tth ch-EUR IBCA 2015"]
[Site "Lyon FRA"]
[Date "2015.07.31"]
[Round "7.14"]
[White "Schellmann, Frank"]
[Black "Riegler, Dieter"]
[Result "1/2-1/2"]
[WhiteTitle "CM"]
[WhiteElo "2093"]
[BlackElo "2095"]
[WhiteFideId "4669916"]
[BlackFideId "4606426"]
[EventDate "2015.07.25"]

1. e4 c5 2. Nf3 d6 3. Bb5+ Nc6 4. O-O Bd7 5. Re1 Nf6 6. c3 a6 7. Bf1 Bg4 8. h3
Bxf3 9. Qxf3 g6 10. d3 Bg7 11. Be3 e5 12. Nd2 O-O 13. Qd1 Re8 1/2-1/2

[Event "6tth ch-EUR IBCA 2015"]
[Site "Lyon FRA"]
[Date "2015.07.31"]
[Round "7.15"]
[White "Znuderl, Matej"]
[Black "Kasimov, Rustam"]
[Result "0-1"]
[WhiteElo "2000"]
[BlackElo "2196"]
[WhiteFideId "14604337"]
[BlackFideId "4194071"]
[EventDate "2015.07.25"]

1. e4 d5 2. exd5 Nf6 3. d4 Nxd5 4. c4 Nb6 5. Nf3 g6 6. Nc3 Bg7 7. c5 Nd5 8. Bc4
Nxc3 9. bxc3 O-O 10. O-O Nc6 11. Re1 Bg4 12. h3 Bxf3 13. Qxf3 e5 14. Bb2 exd4
15. cxd4 Nxd4 16. Bxd4 Qxd4 17. Rac1 c6 18. Re7 Kh8 19. Rxb7 Qxc5 20. Qb3 Bd4
21. Rc2 Qf5 22. Bd3 Qf6 23. Be4 Rae8 24. Qf3 Qxf3 25. Bxf3 Re1+ 26. Kh2 c5 27.
Rxa7 c4 28. Rd7 Be5+ 29. g3 c3 30. a4 Rb8 31. Rd1 Rxd1 32. Bxd1 Rb1 33. Be2 Ra1
34. Bb5 Kg7 35. Kg2 f5 36. Kf3 Kf6 37. Ke2 Ke7 38. Kd3 Kd6 39. Kc4 g5 40. Be8 f4
41. gxf4 gxf4 42. Bb5 f3 43. Be8 Ke6 44. Kb5 Kd5 45. Bf7+ Kd4 46. Be6 Rb1+ 47.
Kc6 Rb2 48. Bf5 Rxc2 49. Bxc2 Kc4 50. Be4 Bd4 51. Bxh7 Bxf2 52. Bg8+ Kb4 0-1

[Event "6tth ch-EUR IBCA 2015"]
[Site "Lyon FRA"]
[Date "2015.07.31"]
[Round "7.16"]
[White "Holmela, Kari"]
[Black "Mueller, Thorsten"]
[Result "1/2-1/2"]
[WhiteElo "1871"]
[BlackElo "2133"]
[WhiteFideId "505528"]
[BlackFideId "4653319"]
[EventDate "2015.07.25"]

1. d4 d5 2. Nf3 Nf6 3. Bg5 Ne4 4. Bh4 c5 5. e3 Nc6 6. c3 Qb6 7. Qb3 e6 8. Nbd2
Nxd2 9. Nxd2 Bd6 10. Qxb6 axb6 11. Bb5 O-O 12. O-O Re8 13. Be2 Bd7 14. Bg3 Bxg3
15. hxg3 Rec8 16. a3 c4 17. e4 b5 18. Rab1 Ne7 19. e5 Ra6 20. g4 Raa8 21. g3 f6
22. f4 Rf8 23. Rf2 Rf7 24. Rbf1 Raf8 25. Bd1 fxe5 26. fxe5 Rxf2 27. Rxf2 Rxf2
28. Kxf2 g5 29. Nf3 h6 30. Ke2 Be8 31. Bc2 Kg7 32. Nh2 Nc8 33. Bd1 Nb6 34. Kd2
Bg6 35. Be2 Na4 36. Kc1 Be4 37. Bd1 Kg6 38. Nf1 Nb6 39. Ne3 1/2-1/2

[Event "6tth ch-EUR IBCA 2015"]
[Site "Lyon FRA"]
[Date "2015.07.31"]
[Round "7.17"]
[White "Muri, Emil"]
[Black "Prpic, Milan"]
[Result "1-0"]
[WhiteElo "1951"]
[BlackElo "1839"]
[WhiteFideId "14601354"]
[BlackFideId "14521270"]
[EventDate "2015.07.25"]

1. e4 c5 2. Nf3 d6 3. d4 cxd4 4. Qxd4 Nc6 5. Qe3 g6 6. c4 Bg7 7. Be2 Nf6 8. h3
O-O 9. O-O Qc7 10. Rd1 Na5 11. Nd4 a6 12. b3 Nd7 13. Nc3 Nc6 14. Nd5 Qd8 15. Bb2
Nc5 16. Rab1 Re8 17. Nf3 Bxb2 18. Rxb2 Kg7 19. e5 Nd7 20. exd6 exd6 21. Qc3+ f6
22. Rbd2 Nc5 23. Qb2 Ne4 24. Rd3 Nc5 25. R3d2 Ne4 26. Rd3 Nc5 27. Re3 Rxe3 28.
Nxe3 Qf8 29. Nd4 Bd7 30. Bf3 Ne5 31. Bd5 Re8 32. Qd2 Rd8 33. b4 Na4 34. Bxb7 Bc8
35. Bxc8 Rxc8 36. Ne6+ 1-0

[Event "6tth ch-EUR IBCA 2015"]
[Site "Lyon FRA"]
[Date "2015.07.31"]
[Round "7.18"]
[White "Spinu, Evgeny"]
[Black "Klimis, Laertis"]
[Result "1-0"]
[WhiteTitle "FM"]
[WhiteElo "2210"]
[BlackElo "1864"]
[WhiteFideId "13902784"]
[BlackFideId "4206983"]
[EventDate "2015.07.25"]

1. e4 e6 2. d4 d5 3. e5 c5 4. c3 Qb6 5. Nf3 Bd7 6. a3 Bb5 7. Bxb5+ Qxb5 8. Qe2
Qxe2+ 9. Kxe2 Nc6 10. b4 cxd4 11. cxd4 Nge7 12. Bd2 a6 13. Nc3 Nf5 14. Kd3 Nfe7
15. Rhc1 Nc8 16. Na4 Be7 17. Bg5 Bf8 18. Nd2 h6 19. Be3 g5 20. Nb3 Rg8 21. Nac5
Nd8 22. Rc2 Nb6 23. Na5 Rb8 24. Rac1 Na8 25. Ncxb7 Kd7 26. Rc6 Be7 27. Rxa6 Rc8
28. Nxd8 Rgxd8 29. Ra7+ Rc7 30. Rcxc7+ Nxc7 31. b5 Rb8 32. Nc6 Ra8 33. Rxa8 Nxa8
34. Nxe7 Kxe7 35. Kc3 Nb6 36. Kb4 Kd7 37. h4 gxh4 38. Bxh6 Nc4 39. Bg5 Kc7 40.
Bxh4 Nb2 41. a4 Nd3+ 42. Kc3 Nf4 43. g3 Ne2+ 44. Kd3 Nc1+ 45. Kd2 Nb3+ 46. Kc3
Na5 47. Kb4 1-0

[Event "6tth ch-EUR IBCA 2015"]
[Site "Lyon FRA"]
[Date "2015.07.31"]
[Round "7.19"]
[White "Tonteri, Ari"]
[Black "Carapit, Vasile"]
[Result "1/2-1/2"]
[WhiteElo "1938"]
[BlackElo "1768"]
[WhiteFideId "503479"]
[BlackFideId "1215140"]
[EventDate "2015.07.25"]

1. e4 e6 2. d4 d5 3. Nc3 Nf6 4. Bg5 Be7 5. e5 Nfd7 6. Bxe7 Qxe7 7. f4 a6 8. Nf3
c5 9. Qd2 Nc6 10. O-O-O b5 11. dxc5 Nxc5 12. Qe3 Bb7 13. Kb1 Rd8 14. Nd4 O-O 15.
h4 b4 16. Nce2 Ne4 17. Nxc6 Bxc6 18. g3 f6 19. exf6 Rxf6 20. Nd4 Bb7 21. Bh3 e5
22. Nf5 Qc7 23. Rhf1 exf4 24. Rxf4 Re8 25. Qd4 Nxg3 26. Qxb4 Nxf5 27. Rxf5 Re4
28. Qd2 Qe7 29. Rxf6 Qxf6 30. Bg2 Rxh4 31. Bxd5+ Bxd5 32. Qxd5+ Kf8 33. Qc5+ Ke8
34. Re1+ Kf7 35. Qd5+ Kg6 36. a3 Rd4 37. Rg1+ Kh6 38. Rh1+ Rh4 39. Re1 Rd4 40.
Qg8 Qf3 41. Qe6+ g6 42. Qxa6 Rd1+ 43. Rxd1 Qxd1+ 1/2-1/2

[Event "6tth ch-EUR IBCA 2015"]
[Site "Lyon FRA"]
[Date "2015.07.31"]
[Round "7.20"]
[White "Wikman, Bengt"]
[Black "Schmeisser, Andre"]
[Result "0-1"]
[WhiteElo "1886"]
[BlackElo "1740"]
[WhiteFideId "503681"]
[BlackFideId "634107"]
[EventDate "2015.07.25"]

1. e4 e6 2. d4 d5 3. e5 b6 4. Nf3 Qd7 5. Bd3 Ba6 6. Bxa6 Nxa6 7. O-O Ne7 8. Nbd2
Nf5 9. c3 Be7 10. Nb3 c5 11. g4 Nh4 12. Nxh4 Bxh4 13. f4 h6 14. Be3 c4 15. Nd2
Be7 16. Qf3 b5 17. f5 Nc7 18. Rf2 Bh4 19. Rg2 Bg5 20. Rf1 Bxe3+ 21. Qxe3 O-O-O
22. b3 Rdf8 23. bxc4 bxc4 24. f6 g6 25. Nf3 Qa4 26. Rb1 Nb5 27. Qc1 Kc7 28. Rgb2
Rb8 29. Rb4 Qa3 30. Qxa3 Nxa3 31. Rxb8 Rxb8 32. Rxb8 Kxb8 33. Nd2 a5 34. Kf2 a4
35. Ke2 Nb5 36. Nb1 Kc8 37. h4 Kd8 38. Kd1 Ke8 39. Kc2 a3 40. Nd2 Kf8 41. Nf3
Kg8 42. h5 Kh7 43. Nh4 g5 44. Nf3 Nc7 45. Nd2 Nb5 46. Nb1 Kh8 47. Nxa3 Nxa3+ 48.
Kb2 Nb5 49. a4 Na7 50. Ka3 Nc6 51. Kb2 Kg8 52. Ka3 Kf8 53. Kb2 Ke8 54. Ka3 Kd7
55. Kb2 Kc7 56. Ka3 Kb6 57. Kb2 Na5 58. Ka3 Nb3 59. Kb4 Ka6 60. a5 Kb7 61. Kb5
Nxd4+ 62. Kc5 Nf3 63. Kd6 d4 64. cxd4 c3 65. d5 c2 66. dxe6 c1=Q 67. exf7 Qc7+
68. Ke6 Qxe5+ 0-1

[Event "6tth ch-EUR IBCA 2015"]
[Site "Lyon FRA"]
[Date "2015.07.31"]
[Round "7.21"]
[White "Murgia, Stefano"]
[Black "Hilton, Stephen H"]
[Result "0-1"]
[WhiteElo "1705"]
[BlackElo "1880"]
[WhiteFideId "876011"]
[BlackFideId "415030"]
[EventDate "2015.07.25"]

1. e4 e6 2. d4 d5 3. Nc3 dxe4 4. Nxe4 Bd7 5. Nf3 Bc6 6. Bd3 Nd7 7. O-O Ngf6 8.
Ned2 Bd6 9. c4 b6 10. Ng5 h6 11. Nge4 Nxe4 12. Nxe4 Bxe4 13. Bxe4 Bxh2+ 14. Kxh2
Qh4+ 15. Kg1 Qxe4 16. Re1 Qb7 17. d5 O-O-O 18. dxe6 Nc5 19. Qg4 Nxe6 20. Be3 Kb8
21. b4 h5 22. Qh3 g5 23. Red1 Rxd1+ 24. Rxd1 Qa6 25. c5 Qxa2 26. cxb6 axb6 27.
Rd7 Qb1+ 28. Kh2 Qxb4 29. Rxf7 Qd6+ 30. Kg1 g4 31. Qh4 Nd4 32. Kh1 Ne2 0-1

[Event "6tth ch-EUR IBCA 2015"]
[Site "Lyon FRA"]
[Date "2015.07.31"]
[Round "7.22"]
[White "Steinhart, Matthias"]
[Black "Deville, Olivier"]
[Result "0-1"]
[WhiteElo "1768"]
[BlackElo "1868"]
[WhiteFideId "24615340"]
[BlackFideId "624160"]
[EventDate "2015.07.25"]

1. e4 c5 2. Nf3 d6 3. d4 cxd4 4. Nxd4 Nf6 5. Nc3 a6 6. Bg5 e6 7. f4 h6 8. Bh4
Qb6 9. Qd2 Qxb2 10. Rb1 Qa3 11. e5 dxe5 12. fxe5 g5 13. exf6 gxh4 14. Ne4 Qxa2
15. Rb3 Qa1+ 16. Kf2 Qa4 17. Bb5+ axb5 18. Nxb5 Qa5 19. Ned6+ Kd7 20. Qd3 Qb6+
21. Ke2 Bxd6 22. Rd1 Ra6 23. Nxd6 Qxd6 24. Qb5+ Kc7 25. Rxd6 Rxd6 26. Qa5+ b6
27. Qh5 Nc6 28. Ke1 Nd8 29. Qe5 Kd7 30. Qb5+ Rc6 31. Rd3+ Kc7 32. Qe5+ Kb7 33.
Qe4 Re8 34. Rd6 Kc7 35. Rxc6+ Nxc6 36. Qf4+ Kb7 37. Qxh6 e5 38. Qxh4 e4 39. Qh7
Be6 40. h4 e3 41. Qe4 e2 42. h5 b5 43. h6 Rh8 44. Qxe2 Rxh6 45. Qxb5+ Kc7 46.
Qg5 Rg6 47. Qf4+ Kd7 48. Qd2+ Kc7 49. Qf4+ Kb7 50. Qf3 Rg4 51. c3 Rg5 52. Qd3
Re5+ 53. Kf2 Rf5+ 54. Kg1 Rxf6 55. Qb5+ Kc7 56. Qc5 Rg6 57. Kf2 Rg4 58. Qh5 Rc4
59. Qh8 Kd7 60. Qg7 Ne7 61. g4 Rxg4 62. Qe5 Rc4 63. Qb5+ Kd6 64. Qb8+ Rc7 65.
Qb4+ Kd7 66. Qb5+ Kd8 67. Qb8+ Rc8 68. Qb6+ Ke8 69. Qb5+ Kf8 70. Qe5 Ng6 71.
Qd6+ Kg8 72. Qd4 Rc4 73. Qf6 Rf4+ 0-1

[Event "6tth ch-EUR IBCA 2015"]
[Site "Lyon FRA"]
[Date "2015.07.31"]
[Round "7.24"]
[White "Morariu, Ionel"]
[Black "Nedu, Razvan"]
[Result "0-1"]
[WhiteElo "1863"]
[BlackElo "1551"]
[WhiteFideId "1220713"]
[BlackFideId "1246119"]
[EventDate "2015.07.25"]

1. e4 c5 2. Nf3 d6 3. d4 cxd4 4. Nxd4 Nf6 5. Nc3 g6 6. f3 Bg7 7. Be3 O-O 8. Qd2
Nc6 9. O-O-O a6 10. g4 Nd7 11. h4 Nde5 12. Qf2 b5 13. g5 Nc4 14. b3 N4e5 15. h5
Qa5 16. Nde2 Nxf3 17. Qxf3 Bxc3 18. Nxc3 Qxc3 19. Kb1 Ne5 20. Qf2 Bg4 21. Bd4
Qc8 22. Rd2 Bxh5 23. Qh4 Qg4 24. Qf2 Nf3 25. Rd3 Nxd4 26. Rxd4 Qf3 27. Qh2 Qe3
28. Rd3 Qc5 29. Be2 Qe5 30. Bxh5 gxh5 31. Qh4 Qg7 32. Qxh5 Qg6 33. Qh4 Kg7 34.
Rdh3 Rh8 35. Qe1 Rac8 36. Rh6 Qxg5 37. Rg1 Qxg1 38. Rxh7+ Rxh7 39. Qxg1+ Kf8 40.
Qg4 Rc5 41. Qd7 f6 42. Qb7 Rh2 43. c4 bxc4 44. b4 Rg5 45. Qa7 Kf7 0-1

[Event "6tth ch-EUR IBCA 2015"]
[Site "Lyon FRA"]
[Date "2015.07.31"]
[Round "7.25"]
[White "Pirosca, Alexandru"]
[Black "Eichstaedt, Mirko"]
[Result "0-1"]
[WhiteElo "2003"]
[BlackElo "1997"]
[WhiteFideId "1211110"]
[BlackFideId "24692310"]
[EventDate "2015.07.25"]

1. e4 e5 2. Nf3 Nc6 3. Bb5 a6 4. Ba4 Nf6 5. d4 exd4 6. O-O Be7 7. Re1 b5 8. e5
Nxe5 9. Rxe5 d6 10. Re1 bxa4 11. Nxd4 Bd7 12. Qf3 O-O 13. Nc6 Bxc6 14. Qxc6 d5
15. Qxa4 Ne4 16. Nd2 Nc5 17. Qg4 Bf6 18. Nb3 Ne6 19. c3 Rb8 20. Be3 c6 21. Rad1
Qc7 22. Rd2 Rfd8 23. Red1 c5 24. Qe2 c4 25. Nd4 Nc5 26. Qg4 Rb7 27. Nf5 Nd3 28.
Bd4 Bxd4 29. Qxd4 f6 30. b4 Qe5 31. Rxd3 cxd3 32. Qxd3 Rc7 33. Nd4 Rc4 34. h3 g6
35. Rd2 Qe4 36. Nb3 Qe1+ 37. Kh2 Qe5+ 38. Kg1 Qxc3 39. Qe2 Qe5 40. Qd3 Qe4 41.
Qf1 Re8 42. Kh2 Rxb4 43. Qd1 Rc4 44. Rxd5 Rc2 45. Rd8 Rxa2 46. Nc5 Qe5+ 47. f4
Qxf4+ 48. Kh1 Re2 49. Qxe2 Rxd8 50. Qe6+ Kh8 51. Nd7 Qc1+ 52. Kh2 Qc7+ 0-1

[Event "6tth ch-EUR IBCA 2015"]
[Site "Lyon FRA"]
[Date "2015.07.31"]
[Round "7.26"]
[White "Lapadatu, Teodor"]
[Black "Cizman, Gregor"]
[Result "1/2-1/2"]
[WhiteElo "1846"]
[BlackElo "1618"]
[WhiteFideId "1212508"]
[BlackFideId "14605660"]
[EventDate "2015.07.25"]

1. Nf3 d5 2. g3 Nf6 3. Bg2 Bf5 4. d3 h6 5. c3 c6 6. Nbd2 e6 7. O-O Be7 8. Re1
Nbd7 9. d4 Bd6 10. Nh4 Bh7 11. e4 dxe4 12. Nxe4 Be7 13. Nxf6+ Nxf6 14. Be3 1/2-1/2

[Event "6tth ch-EUR IBCA 2015"]
[Site "Lyon FRA"]
[Date "2015.07.31"]
[Round "7.27"]
[White "Platon, Constantin"]
[Black "Dietsche, Birgit"]
[Result "1-0"]
[WhiteElo "1701"]
[BlackElo "1487"]
[WhiteFideId "13904264"]
[BlackFideId "4637488"]
[EventDate "2015.07.25"]

1. e4 e5 2. Nf3 Nf6 3. Nc3 d6 4. h3 a6 5. Bc4 Be7 6. O-O O-O 7. Re1 Nc6 8. d4
exd4 9. Nxd4 Nxd4 10. Qxd4 Bd7 11. Bf4 Re8 12. Rad1 Nh5 13. Bh2 b5 14. Be2 Bf6
15. e5 Bxe5 16. Bxe5 Rxe5 17. Bf3 Rxe1+ 18. Rxe1 c5 19. Qd5 Rc8 20. Qxh5 Qf6 21.
Nd5 1-0

[Event "6tth ch-EUR IBCA 2015"]
[Site "Lyon FRA"]
[Date "2015.07.31"]
[Round "7.29"]
[White "L'herbon De Lussats, Jean"]
[Black "Megelas, Florent"]
[Result "0-1"]
[WhiteElo "1416"]
[BlackElo "1504"]
[WhiteFideId "20652194"]
[BlackFideId "642797"]
[EventDate "2015.07.25"]

1. e4 e5 2. c4 Nf6 3. Nc3 Bc5 4. h3 c6 5. Nf3 d6 6. d4 exd4 7. Nxd4 O-O 8. Be2
Re8 9. Bf3 Nbd7 10. O-O Ne5 11. Be2 Bxd4 12. Qxd4 Be6 13. Rd1 Ng6 14. Qxd6 Qxd6
15. Rxd6 Rad8 16. Rd2 Nf4 17. b3 Nxe2+ 18. Rxe2 a6 19. Bg5 Rd3 20. Bxf6 gxf6 21.
Nd5 Bxd5 22. cxd5 cxd5 23. Rae1 d4 24. f3 Kh8 25. Rc2 Rg8 26. Rec1 Rxf3 27. Rc8
Re3 28. Rxg8+ Kxg8 29. Rc8+ Kg7 30. Re8 f5 31. e5 d3 32. Rd8 f4 33. Kf2 Kg6 34.
Rd7 Kf5 35. Rxf7+ Kxe5 36. Re7+ Kd4 37. Rxe3 fxe3+ 38. Ke1 Kc3 39. g4 Kc2 40. h4
d2+ 41. Ke2 d1=Q+ 0-1

[Event "6tth ch-EUR IBCA 2015"]
[Site "Lyon FRA"]
[Date "2015.07.31"]
[Round "7.30"]
[White "Bremer, Erik"]
[Black "Le Brun, Yves"]
[Result "1-0"]
[WhiteElo "1475"]
[BlackElo "1396"]
[WhiteFideId "1411578"]
[BlackFideId "20652178"]
[EventDate "2015.07.25"]

1. e4 e5 2. Nf3 d6 3. Bc4 Be7 4. d4 Nd7 5. dxe5 Nxe5 6. Nxe5 dxe5 7. Qxd8+ Bxd8
8. O-O Nf6 9. Nc3 O-O 10. Bg5 c6 11. Rad1 Bc7 12. Be2 h6 13. Bh4 Be6 14. a3 Rfd8
15. Rd3 g5 16. Bg3 Rxd3 17. cxd3 Rd8 18. Rd1 Ne8 19. b4 b5 20. Rc1 f6 21. f3
Bb6+ 22. Kf1 Be3 23. Rd1 a6 24. Bf2 Bxf2 25. Kxf2 Kf8 26. Rc1 Rd6 27. Nd1 f5 28.
Ne3 fxe4 29. fxe4 Ng7 30. Rc5 Bd7 31. Rxe5 Rf6+ 32. Kg1 Rf4 33. Rc5 Ne6 34. Rc1
Nd4 35. Bd1 Ke7 36. Nc2 Ne6 37. Bf3 c5 38. bxc5 Nxc5 39. Nb4 Nb3 40. Rd1 Rf8 41.
Nd5+ Kd6 42. d4 Be6 43. e5+ Kd7 44. Nf6+ Ke7 45. d5 Bf5 46. d6+ Ke6 47. Re1 Rxf6
48. exf6+ Kxf6 49. Bc6 Nc5 50. Re8 Bd7 51. Bxd7 Nxd7 52. Re7 Nc5 53. Rc7 Ne6 54.
Ra7 Nc5 55. Rc7 Ne6 56. Rc6 Nd8 57. Rxa6 Ke6 58. d7+ Kxd7 59. Rxh6 1-0

[Event "6tth ch-EUR IBCA 2015"]
[Site "Lyon FRA"]
[Date "2015.07.31"]
[Round "7.31"]
[White "Antonic, Nenad"]
[Black "Duthoit, Bernard"]
[Result "1/2-1/2"]
[WhiteElo "1450"]
[BlackElo "1372"]
[WhiteFideId "20601506"]
[BlackFideId "20652143"]
[EventDate "2015.07.25"]

1. d4 e5 2. dxe5 Nc6 3. Nf3 Qe7 4. Bf4 Qb4+ 5. Bd2 Qxb2 6. Bc3 Qb6 7. Nbd2 Bc5
8. e3 Bxe3 9. Qe2 Bxd2+ 10. Qxd2 a6 11. Be2 Nge7 12. O-O O-O 13. Rab1 Qa7 14.
Rfe1 b5 15. a3 Bb7 16. Qxd7 Bc8 17. Qd1 Be6 18. Bd3 Rad8 19. Qe2 Bf5 20. Rbd1
Bxd3 21. Rxd3 Rxd3 22. cxd3 Ng6 23. g3 Re8 24. d4 Nd8 25. d5 Qc5 26. Qd2 Qb6 1/2-1/2

[Event "6tth ch-EUR IBCA 2015"]
[Site "Lyon FRA"]
[Date "2015.08.01"]
[Round "8.1"]
[White "Tazbir, Marcin"]
[Black "Mueller, Oliver"]
[Result "1/2-1/2"]
[WhiteTitle "GM"]
[BlackTitle "FM"]
[WhiteElo "2516"]
[BlackElo "2269"]
[WhiteFideId "1122452"]
[BlackFideId "4633385"]
[EventDate "2015.07.25"]

1. c4 c5 2. Nf3 g6 3. Nc3 Bg7 4. e3 Nf6 5. d4 cxd4 6. exd4 d5 7. Bg5 Be6 8. Qb3
dxc4 9. Bxc4 Bxc4 10. Qxc4 Nbd7 11. O-O O-O 12. Rfe1 e6 13. Rad1 Rc8 14. Qe2 Nb6
15. Ne5 Nbd5 16. Qf3 Qd6 17. Bxf6 Bxf6 18. Ne4 Qd8 19. Nxf6+ Qxf6 20. Qxf6 Nxf6
21. Rc1 Rfd8 22. g3 Nd5 23. Kf1 Nb6 24. Nf3 Kf8 1/2-1/2